Las fronteras marítimas de Galicia (Record no. 12333)

MARC details
000 -LEADER
campo de control de longitud fija 00742nam a2200241 4500
001 - NÚMERO DE CONTROL
campo de control 12333
003 - IDENTIFICADOR DE NÚMERO DE CONTROL
campo de control ES-MaACL
005 - FECHA Y HORA DE LA ÚLTIMA TRANSACCIÓN
campo de control 20230906150305.0
007 - CAMPO FIJO DE DESCRIPCIÓN FÍSICA--INFORMACIÓN GENERAL
campo de control de longitud fija t|
008 - DATOS DE LONGITUD FIJA--INFORMACIÓN GENERAL
campo de control de longitud fija 000000s19850000sp ||||0| spa d
016 7# - NÚMERO DE CONTROL DE UNA AGENCIA BIBLIOGRÁFICA NACIONAL
Número de control cancelado/no válido IBH8605104438
020 ## - NÚMERO INTERNACIONAL ESTÁNDAR DEL LIBRO
Número Internacional Estándar del Libro 84-7492-247-X
040 ## - FUENTE DE CATALOGACIÓN
Centro catalogador/agencia de origen IBH
Lengua de catalogación spa
Centro/agencia transcriptor M-BN-DP
080 ## - NÚMERO DE LA CLASIFICACIÓN DECIMAL UNIVERSAL
Número de la Clasificación Decimal Universal 903(461.1)
080 ## - NÚMERO DE LA CLASIFICACIÓN DECIMAL UNIVERSAL
Número de la Clasificación Decimal Universal 946.11"../04"
100 1# - ENTRADA PRINCIPAL--NOMBRE DE PERSONA
Nombre de persona González López, Emilio.
9 (RLIN) 58763
245 14 - MENCIÓN DEL TÍTULO
Título Las fronteras marítimas de Galicia
Resto del título : de la Prehistoria a la Edad Media /
Mención de responsabilidad, etc. Emilio González López.
260 ## - PUBLICACIÓN, DISTRIBUCIÓN, ETC.
Lugar de publicación, distribución, etc. La Coruña :
Nombre del editor, distribuidor, etc. Ediciós do Castro,
Fecha de publicación, distribución, etc. [1985]
300 ## - DESCRIPCIÓN FÍSICA
Extensión 99 p ;
Dimensiones 24 cm.
504 ## - NOTA DE BIBLIOGRAFÍA, ETC.
Nota de bibliografía, etc. Bibliografía. Indice.
651 #4 - PUNTO DE ACCESO ADICIONAL DE MATERIA--NOMBRE GEOGRÁFICO
Nombre geográfico Galicia-
Subdivisión general Historia-
Subdivisión cronológica Hasta S.V.
9 (RLIN) 8732
852 ## - LOCALIZACIÓN
Ubicación ES-MaACL
Número de control de estantería L-19572
Sublocalización o colección R.122744
Holdings
Estatus retirado Estado de pérdida Estado de daño No para préstamo Biblioteca de origen Biblioteca actual Ubicación en estantería Fecha de adquisición Fuente de adquisición Total de préstamos Signatura topográfica completa Código de barras Visto por última vez Precio de reemplazo Tipo de ítem Koha
        Biblioteca del Ateneo de Madrid Biblioteca del Ateneo de Madrid Depósito 2 17/01/2008     L-19572 1012568 23/02/2023 23/02/2023 Libro impreso